| 000 | 00585nam a22001937a 4500 | ||
|---|---|---|---|
| 005 | 20251108171741.0 | ||
| 008 | 250721s2003 xx 000 0 ara d | ||
| 082 | 1 | 4 | _a648/صلا |
| 100 | 1 | _aالصلال، عايدة | |
| 245 | 1 | 0 | _aتدابير شؤون المنزل والأسرة / |
| 264 | 1 |
_aعمان : _bمكتبة الأمام علي للنشر والتوزيع، _c2003. |
|
| 300 | _a120ص. | ||
| 650 | 1 | 7 | _aالإقتصاد |
| 650 | 1 | 7 | _aالأسرة |
| 650 | 1 | 7 | _aالسياسة الأسرية |
| 700 | 1 | _aأحمد، خولة | |
| 942 |
_2ddc _cBK |
||
| 999 |
_c61560 _d61560 |
||